The Hague Congress of the First International : September 2-7, 1872 : reports and letters /

Bibliographic Details
Corporate Authors: International Workingmen's Association Hague, Netherlands, Institut marksizma-leninizma (Moscow, Russia)
Format: Conference Proceeding Book
Language:English
Published: Moscow : Progress Publishers, ©1978.
Series:Documents of the First International.
Subjects:

MARC

Tag First Indicator Second Indicator Subfields
LEADER 00000cam a2200000 i 4500
001 in00000307169
005 20231130190056.0
008 790122s1978 ru b 101 0 eng d
015 |a USSR 
019 |a 4406840 
035 |a (OCoLC)ocm04572869  
035 |a (OCoLC)4572869  |z (OCoLC)4406840 
035 |a (OCoLC)ocm04572869  
040 |a YUS  |b eng  |c YUS  |d OCL  |d OCLCQ  |d OCLCO  |d WYU  |d OCLCO  |d OCLCQ  |d OCLCO 
041 1 |a eng  |h rus 
050 4 |a HX11.I5  |b I66 1872ca 
082 0 4 |a 335.421  |b I61gX 
111 2 |a International Workingmen's Association  |n (5th Congress :  |d 1872 :  |c Hague, Netherlands) 
240 1 0 |a Gaagskiĭ kongress Pervogo Internat︠s︡ionala.  |l English 
245 1 4 |a The Hague Congress of the First International :  |b September 2-7, 1872 : reports and letters /  |c [translated by Richard Dixon]. 
260 |a Moscow :  |b Progress Publishers,  |c ©1978. 
300 |a 701 pages ;  |c 21 cm 
336 |a text  |b txt  |2 rdacontent 
337 |a unmediated  |b n  |2 rdamedia 
338 |a volume  |b nc  |2 rdacarrier 
490 1 |a Documents of the First International 
500 |a Translation of Gaagskiĭ kongress Pervogo Internat︠s︡ionala. 
500 |a At head of title: Institute of Marxism-Leninism of the C.C., C.P.S.U. 
504 |a Includes bibliographical references and indexes. 
610 2 0 |a International organization. 
710 2 |a Institut marksizma-leninizma (Moscow, Russia) 
776 0 8 |i Online version:  |a International Workingmen's Association (5th Congress : 1872 : the Hague).  |s Gaagskiĭ kongress Pervogo Internat︠s︡ionala. English.  |t Hague Congress of the First International.  |d Moscow : Progress Publishers, ©1978  |w (OCoLC)557779343 
830 0 |a Documents of the First International. 
948 |h HELD BY TXA - 64 OTHER HOLDINGS 
994 |a Z0  |b TXA 
999 f f |s adb11072-741f-3ebb-8568-a83f4192cc35  |i 8c4e2f0d-b507-3958-93f1-6b33aa38451a  |t 0 
952 f f |p ric  |a Texas A&M University  |b Rellis Campus  |c Joint Library Facility  |s JLF  |d Remote Storage  |t 0  |e HX11.I5 I66 1872e  |h Library of Congress classification  |i unmediated -- volume  |m A14803048834